Textbook of Medicine / (Record no. 154381)

MARC details
000 -LEADER
fixed length control field 00612nam a22002177a 4500
003 - CONTROL NUMBER IDENTIFIER
control field dpl
005 - DATE AND TIME OF LATEST TRANSACTION
control field 20180719122740.0
008 - FIXED-LENGTH DATA ELEMENTS--GENERAL INFORMATION
fixed length control field 180719b xxu||||| |||| 00| 0 eng d
020 ## - INTERNATIONAL STANDARD BOOK NUMBER
International Standard Book Number 8125012664
Terms of availability 328.00
035 ## - SYSTEM CONTROL NUMBER
System control number A-947646
040 ## - CATALOGING SOURCE
Original cataloging agency DPL
Language of cataloging EN
Transcribing agency 0
082 ## - DEWEY DECIMAL CLASSIFICATION NUMBER
Classification number 610
Item number VAS
100 ## - MAIN ENTRY--PERSONAL NAME
Personal name Vasan, R.S.
245 ## - TITLE STATEMENT
Title Textbook of Medicine /
Statement of responsibility, etc by R.S. Vasan [and] Sudha Seshadri
260 ## - PUBLICATION, DISTRIBUTION, ETC. (IMPRINT)
Place of publication, distribution, etc Chennai
Name of publisher, distributor, etc Orient Longman
Date of publication, distribution, etc 1998
270 ## - ADDRESS
Address 160 Anna Sala
City Chennai
State or province 600002
300 ## - PHYSICAL DESCRIPTION
Extent 1387p.:
Other physical details ill.;
Dimensions 26cm.
650 ## - SUBJECT ADDED ENTRY--TOPICAL TERM
Topical term or geographic name as entry element Medical
700 ## - ADDED ENTRY--PERSONAL NAME
Personal name Seshadri, Sudha
942 ## - ADDED ENTRY ELEMENTS (KOHA)
Source of classification or shelving scheme Dewey Decimal Classification
Koha item type English Books
Classification part 610
Call number suffix VAS
Holdings
Withdrawn status Lost status Source of classification or shelving scheme Damaged status Not for loan Collection code Home library Current library Date acquired Source of acquisition Cost, normal purchase price Total Checkouts Full call number Barcode Date last seen Date checked out Cost, replacement price Price effective from Koha item type
    Dewey Decimal Classification     Non-fiction Patel Nagar Patel Nagar 19/07/2018 BPPD/Pub 328.00 1 610 VAS A-947646 18/10/2018 04/10/2018 328.00 19/07/2018 English Books

© Delhi Public Library
Hit Counter
free hit counter